[Event "IECG QF.2005.0.00071"]
[Site "IECG email"]
[Date "2005.10.21"]
[Round "?"]
[White "Galindo, Mauricio"]
[Black "Raichmann, Nadav"]
[Result "0-1"]
[WhiteElo "1100"]
[BlackElo "941"]
[PlyCount "26"]
[EventDate "2005.10.21"]
[EventType "tourn (corr)"]
[EventRounds "6"]
[SourceTitle "Corr 2024"]
[Source "ChessBase"]
[SourceDate "2023.10.19"]
[SourceVersion "1"]
[SourceVersionDate "2023.10.19"]
[SourceQuality "1"]

1. d4 Nf6 2. c4 g6 3. Nf3 d6 4. Nc3 Bg7 5. g3 0-0 6. Bg2 Nbd7 7. Bf4 Re8 8. 0-0 Nh5 9. Bg5 h6 10. Qd3 hxg5 11. Nxg5 c6 12. Nd5 cxd5 13. Bxd5 e6 0-1

[Event "IECG QN.2005.0.00352 email"]
[Site "IECG email"]
[Date "2005.02.25"]
[Round "?"]
[White "Raichmann, Nadav"]
[Black "O'Donnell, Hugh"]
[Result "0-1"]
[WhiteElo "691"]
[BlackElo "800"]
[PlyCount "64"]
[EventDate "2005.02.25"]
[EventType "tourn (corr)"]
[EventRounds "6"]
[SourceTitle "Corr 2008"]
[Source "ChessBase"]
[SourceDate "2008.06.24"]
[SourceVersion "1"]
[SourceVersionDate "2008.06.24"]
[SourceQuality "1"]

1. d4 d5 2. c4 e6 3. Nc3 Nf6 4. Bg5 dxc4 5. e3 h6 6. Bxf6 Qxf6 7. Bxc4 Bb4 8. Nf3 Nc6 9. 0-0 0-0 10. Rc1 Rd8 11. Qe2 a6 12. a3 Bd6 13. Bd3 e5 14. Rfd1 exd4 15. Ne4 Qe7 16. Nxd4 Nxd4 17. exd4 Bf4 18. Rc4 b5 19. Rb4 c6 20. Nc5 Qxe2 21. Bxe2 Bf5 22. Bd3 a5 23. Rxb5 Bg4 24. f3 cxb5 25. fxg4 Rxd4 26. Kf1 Rad8 27. Ke2 Bxh2 28. Nb3 Re8+ 29. Kd2 Rxg4 30. Nxa5 Rxg2+ 31. Kc1 Rc8+ 32. Kb1 Be5 0-1

[Event "IECG QN.2005.0.00351 email"]
[Site "IECG email"]
[Date "2005.02.10"]
[Round "?"]
[White "Vio, Mauro"]
[Black "Raichmann, Nadav"]
[Result "1-0"]
[WhiteElo "876"]
[BlackElo "691"]
[PlyCount "51"]
[EventDate "2005.02.10"]
[EventType "tourn (corr)"]
[EventRounds "6"]
[SourceTitle "Corr 2008"]
[Source "ChessBase"]
[SourceDate "2008.06.24"]
[SourceVersion "1"]
[SourceVersionDate "2008.06.24"]
[SourceQuality "1"]

1. d4 d5 2. Nf3 Bg4 3. Bf4 e6 4. Nc3 c5 5. Bxb8 Rxb8 6. Qd3 c4 7. Qe3 Bxf3 8. exf3 Be7 9. 0-0-0 Nf6 10. g4 h6 11. Ne2 Nd7 12. f4 g6 13. f5 Qb6 14. fxg6 fxg6 15. h4 h5 16. Bh3 e5 17. Nc3 hxg4 18. Nxd5 Qd8 19. Bxg4 Rxh4 20. Bxd7+ Qxd7 21. Qxe5 Rd8 22. Nf6+ Kf7 23. Rxh4 Bxf6 24. Rh7+ Bg7 25. Qxg7+ Ke6 26. Qe5# 1-0

[Event "IECG QN.2005.0.00348 email"]
[Site "IECG email"]
[Date "2005.01.05"]
[Round "?"]
[White "Venturas, Bob"]
[Black "Raichmann, Nadav"]
[Result "0-1"]
[WhiteElo "770"]
[BlackElo "679"]
[PlyCount "90"]
[EventDate "2005.01.05"]
[EventType "tourn (corr)"]
[EventRounds "6"]
[SourceTitle "Corr 2008"]
[Source "ChessBase"]
[SourceDate "2008.06.24"]
[SourceVersion "1"]
[SourceVersionDate "2008.06.24"]
[SourceQuality "1"]

1. e4 e5 2. Bc4 Nf6 3. Nc3 Nc6 4. a3 Be7 5. Nd5 0-0 6. Nf3 Nxe4 7. d3 Nf6 8. 0-0 Nxd5 9. Bxd5 Bf6 10. Bxc6 bxc6 11. Re1 Re8 12. Be3 d6 13. h3 e4 14. Nd4 Bb7 15. c3 c5 16. Nf5 exd3 17. Qxd3 Be4 18. Nh6+ gxh6 19. Qe2 Bg6 20. Qg4 h5 21. Qg3 Qd7 22. Rad1 Kf8 23. Kf1 Bg7 24. Kg1 Qc6 25. Bc1 Rxe1+ 26. Rxe1 Re8 27. Rxe8+ Qxe8 28. Qe3 Qxe3 29. Bxe3 a6 30. f4 Ke7 31. Kf2 Ke6 32. g4 hxg4 33. hxg4 f5 34. g5 h6 35. gxh6 Bxh6 36. c4 Bf8 37. Ke2 d5 38. Kd3 dxc4+ 39. Kxc4 Bd6 40. b3 Bh5 41. b4 cxb4 42. axb4 Be2+ 43. Kb3 Kd5 44. Kc3 Ke4 45. Kd2 Bb5 0-1

[Event "IECG QN.2004.0.00338"]
[Site "IECG email"]
[Date "2004.09.12"]
[Round "?"]
[White "Raichmann, Nadav"]
[Black "Venturas, Bob"]
[Result "0-1"]
[WhiteElo "669"]
[BlackElo "692"]
[PlyCount "62"]
[EventDate "2004.09.12"]
[EventType "tourn (corr)"]
[EventRounds "6"]
[SourceTitle "Corr 2008"]
[Source "ChessBase"]
[SourceDate "2008.06.24"]
[SourceVersion "1"]
[SourceVersionDate "2008.06.24"]
[SourceQuality "1"]

1. e4 e5 2. Nf3 Nc6 3. Bb5 Qf6 4. Nc3 a6 5. Nd5 Qd6 6. Ba4 Nf6 7. Nxf6+ Qxf6 8. c3 b5 9. Bc2 Bb7 10. d4 exd4 11. cxd4 Bb4+ 12. Kf1 0-0 13. Bd2 Bxd2 14. Qxd2 Rfe8 15. e5 Qe6 16. d5 Qe7 17. dxc6 Bxc6 18. Re1 Bxf3 19. gxf3 Qe6 20. a3 Qh3+ 21. Kg1 Qxf3 22. Re3 Qf4 23. Bxh7+ Kf8 24. Bb1 Rxe5 25. h4 d5 26. h5 d4 27. Qb4+ c5 28. Qd2 dxe3 29. Qe2 exf2+ 30. Qxf2 Qc1+ 31. Kh2 Rxh5+ 0-1

[Event "IECG QN.2004.0.00331"]
[Site "IECG email"]
[Date "2004.07.01"]
[Round "?"]
[White "Raichmann, Nadav"]
[Black "Tomassi, Emidio"]
[Result "0-1"]
[WhiteElo "800"]
[BlackElo "800"]
[PlyCount "62"]
[EventDate "2004.07.01"]
[EventType "tourn (corr)"]
[EventRounds "6"]
[SourceTitle "Corr 2008"]
[Source "ChessBase"]
[SourceDate "2008.06.24"]
[SourceVersion "1"]
[SourceVersionDate "2008.06.24"]
[SourceQuality "1"]

1. d4 d5 2. c4 e6 3. Nc3 Nf6 4. cxd5 exd5 5. Bg5 Be7 6. Nf3 0-0 7. e3 c6 8. Bd3 h6 9. h4 hxg5 10. hxg5 Ne4 11. Nxe4 dxe4 12. Bxe4 g6 13. Qd3 Qa5+ 14. Ke2 Kg7 15. Ne5 Nd7 16. f4 Nxe5 17. fxe5 Bxg5 18. d5 Rd8 19. Rh2 Bg4+ 20. Kf2 cxd5 21. Bxg6 fxg6 22. Rah1 Rf8+ 23. Kg3 Bh5 24. Rxh5 gxh5 25. Rxh5 Qe1+ 26. Kh2 Rh8 27. g4 Raf8 28. Qc2 Rf2+ 29. Qxf2 Qxf2+ 30. Kh1 Bxe3 31. Rxh8 Qg1# 0-1

[Event "IECG QN.2004.0.00330"]
[Site "IECG email"]
[Date "2004.06.21"]
[Round "?"]
[White "Marin, Andres"]
[Black "Raichmann, Nadav"]
[Result "1-0"]
[WhiteElo "580"]
[BlackElo "800"]
[PlyCount "76"]
[EventDate "2004.06.21"]
[EventType "tourn (corr)"]
[EventRounds "6"]
[SourceTitle "Corr 2008"]
[Source "ChessBase"]
[SourceDate "2008.06.24"]
[SourceVersion "1"]
[SourceVersionDate "2008.06.24"]
[SourceQuality "1"]

1. e4 e5 2. Nf3 Nc6 3. Bb5 a6 4. Ba4 Nf6 5. d3 Be7 6. Nc3 b5 7. Bb3 Bb7 8. 0-0 0-0 9. Be3 Na5 10. Nxe5 Nxb3 11. axb3 Re8 12. Ne2 d5 13. f3 Bd6 14. f4 Bxe5 15. fxe5 Ng4 16. Bd4 dxe4 17. dxe4 Nxe5 18. Ng3 Bxe4 19. Nxe4 Nc6 20. Bxg7 Qxd1 21. Nf6+ Kxg7 22. Nxe8+ Rxe8 23. Rfxd1 a5 24. Rd7 Re2 25. Rf1 Ne5 26. Rxc7 h6 27. Rc5 Ng4 28. Rxb5 Rxc2 29. Rbf5 Rxb2 30. Rxf7+ Kg6 31. R7f3 Re2 32. Rg3 Re4 33. h3 h5 34. hxg4 hxg4 35. Ra1 Kg5 36. Rxa5+ Kh4 37. Rd3 g3 38. Ra4 Rxa4 1-0

[Event "IECG QN.2004.0.00328"]
[Site "IECG email"]
[Date "2004.06.10"]
[Round "?"]
[White "Troskie, Johan"]
[Black "Raichmann, Nadav"]
[Result "1-0"]
[WhiteElo "940"]
[BlackElo "800"]
[PlyCount "63"]
[EventDate "2004.06.10"]
[EventType "tourn (corr)"]
[EventRounds "6"]
[SourceTitle "Corr 2008"]
[Source "ChessBase"]
[SourceDate "2008.06.24"]
[SourceVersion "1"]
[SourceVersionDate "2008.06.24"]
[SourceQuality "1"]

1. e4 c5 2. Bc4 e6 3. Nc3 Nf6 4. Nf3 d5 5. exd5 exd5 6. Bb5+ Bd7 7. d4 Ne4 8. Qe2 Be7 9. Nxd5 f5 10. Bf4 0-0 11. Nc7 Bd6 12. Bc4+ Kh8 13. Bxd6 Nxd6 14. Nxa8 cxd4 15. 0-0-0 Re8 16. Qf1 Nc6 17. Nxd4 Nxc4 18. Nxc6 Qg5+ 19. f4 Qf6 20. Qxc4 Bxc6 21. Nc7 Re4 22. Qc5 Ra4 23. Rd6 Qe7 24. Rhd1 Kg8 25. Rd8+ Kf7 26. Qxf5+ Qf6 27. R8d7+ Bxd7 28. Rxd7+ Kg8 29. Qd5+ Kf8 30. Rf7+ Qxf7 31. Qd8+ Qe8 32. Qxe8# 1-0

[Event "IECG QN.2004.0.00326"]
[Site "IECG email"]
[Date "2004.05.21"]
[Round "?"]
[White "Hendershot, Paul"]
[Black "Raichmann, Nadav"]
[Result "1-0"]
[WhiteElo "710"]
[BlackElo "800"]
[PlyCount "52"]
[EventDate "2004.05.21"]
[EventType "tourn (corr)"]
[EventRounds "6"]
[SourceTitle "Corr 2008"]
[Source "ChessBase"]
[SourceDate "2008.06.24"]
[SourceVersion "1"]
[SourceVersionDate "2008.06.24"]
[SourceQuality "1"]

1. d4 Nf6 2. e3 d5 3. Bd3 Nc6 4. Nc3 e5 5. Bb5 Bd7 6. dxe5 Nxe5 7. Bxd7+ Qxd7 8. Nge2 c6 9. 0-0 Bd6 10. b3 0-0 11. Bb2 Rfe8 12. f3 Re7 13. Qd2 Rae8 14. Nd1 h5 15. Nf2 Nxf3+ 16. gxf3 Rxe3 17. Rae1 Qe7 18. Ne4 Rxe4 19. Bxf6 Qxf6 20. fxe4 Bxh2+ 21. Kxh2 Qh4+ 22. Kg2 Rxe4 23. Ng3 Rg4 24. Re8+ Kh7 25. Qd3+ Rg6 26. Rxf7 Qg4 1-0

[Event "IECG QN.2004.0.00324"]
[Site "IECG email"]
[Date "2004.05.07"]
[Round "?"]
[White "McNally, Tony"]
[Black "Raichmann, Nadav"]
[Result "1-0"]
[WhiteElo "848"]
[BlackElo "800"]
[PlyCount "60"]
[EventDate "2004.05.07"]
[EventType "tourn (corr)"]
[EventRounds "6"]
[SourceTitle "Corr 2008"]
[Source "ChessBase"]
[SourceDate "2008.06.24"]
[SourceVersion "1"]
[SourceVersionDate "2008.06.24"]
[SourceQuality "1"]

1. d4 d5 2. Nf3 Nf6 3. Ne5 Nfd7 4. f4 f6 5. Nxd7 Bxd7 6. e3 e6 7. Bd3 c5 8. c3 Nc6 9. Nd2 Be7 10. 0-0 Qc7 11. Nf3 cxd4 12. exd4 Rc8 13. Qe2 Na5 14. Bd2 Nc4 15. Be3 Bd6 16. g3 Qb6 17. Rab1 0-0 18. Nh4 f5 19. Rfe1 a5 20. Qh5 Nxe3 21. Rxe3 Rxc3 22. bxc3 Qc7 23. Bb5 Qb6 24. a4 Qd8 25. Nf3 Be8 26. Bxe8 Rxe8 27. Rxb7 Bc7 28. Ng5 h6 29. Nxe6 Re7 30. Nxd8 Rxe3 1-0

[Event "IECG QN.2004.0.00321"]
[Site "IECG email"]
[Date "2004.04.17"]
[Round "?"]
[White "Ferrero, Leandro"]
[Black "Raichmann, Nadav"]
[Result "1-0"]
[WhiteElo "800"]
[BlackElo "800"]
[PlyCount "88"]
[EventDate "2004.04.17"]
[EventType "tourn (corr)"]
[EventRounds "6"]
[SourceTitle "Corr 2008"]
[Source "ChessBase"]
[SourceDate "2008.06.24"]
[SourceVersion "1"]
[SourceVersionDate "2008.06.24"]
[SourceQuality "1"]

1. d4 d5 2. c4 e6 3. Nf3 Nf6 4. Nc3 Bb4 5. Bg5 Nbd7 6. cxd5 exd5 7. e3 c6 8. Bd3 0-0 9. 0-0 Qc7 10. Rc1 Re8 11. Qc2 Qd6 12. Bf5 Nf8 13. Bxf6 Qxf6 14. Bxc8 Raxc8 15. Qa4 a5 16. a3 b5 17. Qb3 Bd6 18. Ne2 a4 19. Qd3 Re7 20. Rc2 g5 21. Ng3 g4 22. Qf5 Qe6 23. Ng5 Qxf5 24. Nxf5 Rd7 25. Rfc1 f6 26. Rxc6 Rxc6 27. Rxc6 Rc7 28. Rxc7 Bxc7 29. Ne7+ Kg7 30. Nxd5 Ba5 31. Ne4 Bd8 32. Nec3 Ne6 33. Nxb5 h5 34. Nbc3 f5 35. Nxa4 Kh6 36. Nc5 Ng7 37. b4 h4 38. b5 Nh5 39. b6 Bxb6 40. Nxb6 f4 41. d5 fxe3 42. fxe3 g3 43. hxg3 Nxg3 44. d6 Ne2+ 1-0

[Event "IECG QN.2004.0.00321"]
[Site "IECG email"]
[Date "2004.04.17"]
[Round "?"]
[White "Raichmann, Nadav"]
[Black "Ushakov, Vjacheslav A"]
[Result "1/2-1/2"]
[WhiteElo "800"]
[BlackElo "800"]
[PlyCount "96"]
[EventDate "2004.04.17"]
[EventType "tourn (corr)"]
[EventRounds "6"]
[SourceTitle "Corr 2008"]
[Source "ChessBase"]
[SourceDate "2008.06.24"]
[SourceVersion "1"]
[SourceVersionDate "2008.06.24"]
[SourceQuality "1"]

1. e4 e5 2. Nf3 Nc6 3. Bb5 Bc5 4. Bxc6 dxc6 5. c3 Nf6 6. d4 exd4 7. cxd4 Bb4+ 8. Bd2 Bxd2+ 9. Nbxd2 b5 10. 0-0 c5 11. Qb3 a6 12. Qc3 cxd4 13. Qc5 Qd6 14. Qxd6 cxd6 15. Nxd4 0-0 16. Rac1 Bd7 17. Rc7 Be8 18. Nf5 Rd8 19. f3 b4 20. g4 Bb5 21. Rfc1 d5 22. e5 Nd7 23. f4 g5 24. Ne7+ Kh8 25. Nc6 Bxc6 26. R7xc6 gxf4 27. Rxa6 Nxe5 28. h3 Ra8 29. Rb6 Rxa2 30. Rc2 Ra1+ 31. Kg2 f3+ 32. Nxf3 Nxf3 33. Kxf3 Rf1+ 34. Kg3 Rd8 35. Rxb4 d4 36. Rd2 d3 37. Rb3 Rd4 38. Rbxd3 Rb4 39. Rf3 Rg1+ 40. Kh2 Rb1 41. Rxf7 R1xb2 42. Rxb2 Rxb2+ 43. Kg3 Rb3+ 44. Rf3 Rb5 45. h4 h6 46. h5 Kh7 47. Re3 Rb1 48. Kf4 Rb4+ 1/2-1/2

[Event "IECG TG.2004.0.15139"]
[Site "IECG email"]
[Date "2004.03.21"]
[Round "1"]
[White "Burke, Rory"]
[Black "Raichmann, Nadav"]
[Result "1-0"]
[WhiteElo "800"]
[BlackElo "800"]
[PlyCount "64"]
[EventDate "2004.03.21"]
[EventType "match (corr)"]
[EventRounds "2"]
[SourceTitle "Corr 2008"]
[Source "ChessBase"]
[SourceDate "2008.06.24"]
[SourceVersion "1"]
[SourceVersionDate "2008.06.24"]
[SourceQuality "1"]

1. c4 e5 2. Nc3 Nf6 3. Nf3 Nc6 4. g3 Bb4 5. Bg2 d6 6. 0-0 0-0 7. d3 h6 8. Bd2 Be6 9. Qc2 Re8 10. a3 Bxc3 11. Bxc3 Rb8 12. b4 Qd7 13. b5 Ne7 14. e4 Ng6 15. a4 Bh3 16. Ne1 Nh5 17. f4 exf4 18. Qd1 fxg3 19. Qxh5 Bg4 20. Qd5 Rf8 21. hxg3 h5 22. Qd4 f6 23. Qxa7 b6 24. a5 d5 25. e5 d4 26. Bb4 Ra8 27. Bxa8 Nxe5 28. Bxf8 Be2 29. Bd5+ Kxf8 30. axb6 Qh3 31. Qb8+ Ke7 32. Ng2 f5 1-0

[Event "IECG QN.2004.0.00317 email"]
[Site "IECG email"]
[Date "2004.03.21"]
[Round "?"]
[White "Edwards, David M"]
[Black "Raichmann, Nadav"]
[Result "1-0"]
[WhiteElo "800"]
[BlackElo "800"]
[PlyCount "64"]
[EventDate "2004.03.21"]
[EventType "tourn (corr)"]
[EventRounds "6"]
[SourceTitle "Corr 2008"]
[Source "ChessBase"]
[SourceDate "2008.06.24"]
[SourceVersion "1"]
[SourceVersionDate "2008.06.24"]
[SourceQuality "1"]

1. e4 e5 2. Nf3 Nc6 3. Bc4 Nf6 4. d3 d5 5. exd5 Nxd5 6. 0-0 Be6 7. Bb5 Bd7 8. Bxc6 Bxc6 9. Nxe5 Qf6 10. Re1 0-0-0 11. Bg5 Qxg5 12. Nxf7 Qf4 13. Nxh8 Bc5 14. Qd2 Rxh8 15. Re4 Bxf2+ 16. Qxf2 Qc1+ 17. Re1 Qxb2 18. Qxa7 Qxa1 19. Qa8+ Kd7 20. Qxh8 Qd4+ 21. Kh1 Qf2 22. Qxg7+ Kd6 23. Qe5+ Kc5 24. Nc3 Kb6 25. Nxd5+ Bxd5 26. Rb1+ Kc6 27. Qg7 Qxc2 28. Qh6+ Kd7 29. Qxh7+ Kc6 30. Qg6+ Kc5 31. Rf1 c6 32. d4+ Kb6 1-0

[Event "IECG TG.2004.0.15139"]
[Site "IECG email"]
[Date "2004.03.21"]
[Round "2"]
[White "Raichmann, Nadav"]
[Black "Burke, Rory"]
[Result "0-1"]
[WhiteElo "800"]
[BlackElo "800"]
[PlyCount "74"]
[EventDate "2004.03.21"]
[EventType "match (corr)"]
[EventRounds "2"]
[SourceTitle "Corr 2008"]
[Source "ChessBase"]
[SourceDate "2008.06.24"]
[SourceVersion "1"]
[SourceVersionDate "2008.06.24"]
[SourceQuality "1"]

1. e4 c6 2. d4 d5 3. e5 Bf5 4. Nf3 e6 5. Bd3 Bxd3 6. Qxd3 Qa5+ 7. Bd2 Qa6 8. Qxa6 Nxa6 9. a3 c5 10. Nc3 0-0-0 11. 0-0 Ne7 12. Nb5 Nc6 13. c3 h6 14. dxc5 Nxc5 15. Nfd4 Nd3 16. Nxc6 bxc6 17. Nd4 Nxe5 18. Bf4 Nd3 19. Nxc6 Nxf4 20. Nxd8 Kxd8 21. Rfd1 Bc5 22. g3 Nh3+ 23. Kg2 Nxf2 24. Rf1 Kd7 25. b4 Bb6 26. a4 Ne4 27. Rxf7+ Kd6 28. a5 Be3 29. Raf1 Rc8 30. Rxg7 Rxc3 31. h4 Rc2+ 32. Kf3 Bd4 33. Rh7 Nd2+ 34. Ke2 Nc4+ 35. Kf3 Ne5+ 36. Kf4 Rc3 37. g4 Ng6# 0-1

[Event "IECG QN.2004.0.00317 email"]
[Site "IECG email"]
[Date "2004.03.21"]
[Round "?"]
[White "Raichmann, Nadav"]
[Black "Venturas, Bob"]
[Result "1-0"]
[WhiteElo "800"]
[BlackElo "685"]
[PlyCount "81"]
[EventDate "2004.03.21"]
[EventType "tourn (corr)"]
[EventRounds "6"]
[SourceTitle "Corr 2008"]
[Source "ChessBase"]
[SourceDate "2008.06.24"]
[SourceVersion "1"]
[SourceVersionDate "2008.06.24"]
[SourceQuality "1"]

1. e4 e5 2. Nf3 Qf6 3. d4 Nc6 4. c3 d6 5. h3 h6 6. d5 Nd8 7. Be2 Ne7 8. 0-0 g5 9. Ne1 Bd7 10. Na3 a6 11. Nec2 Qg6 12. Qd3 h5 13. Bd2 f5 14. f3 g4 15. h4 g3 16. f4 fxe4 17. Qe3 Nf5 18. Qxe4 Nf7 19. fxe5 dxe5 20. d6 N7xd6 21. Qxe5+ Be6 22. Qxh8 0-0-0 23. Qxh5 Qg7 24. Bf4 Be7 25. Bg5 Rh8 26. Qg4 Bxg5 27. Qxg5 Qe5 28. Bg4 Rg8 29. Qf4 Qh8 30. h5 Rf8 31. Ne3 Rf7 32. Nxf5 Bxf5 33. Bxf5+ Nxf5 34. Qg4 Qh7 35. Rae1 Kd8 36. Qg5+ Kc8 37. Re5 Nh6 38. Re8+ Kd7 39. Qd8+ Kc6 40. Re6+ Kc5 41. b4# 1-0